Tribhuvan University Central Library

Socio-cultural chandge among the chamars, A sociological study of Hunuman nagar (pra. Ma) vdc in Siraha. (Record no. 69139)

MARC details
000 -LEADER
fixed length control field 00553 a2200193 4500
041 ## - LANGUAGE CODE
Language code of text/sound track or separate title Eng
082 ## - DEWEY DECIMAL CLASSIFICATION NUMBER
Classification number CD4450
100 ## - MAIN ENTRY--PERSONAL NAME
Personal name Dhakal, Rabin Kumar
245 ## - TITLE STATEMENT
Title Socio-cultural chandge among the chamars, A sociological study of Hunuman nagar (pra. Ma) vdc in Siraha.
260 ## - PUBLICATION, DISTRIBUTION, ETC. (IMPRINT)
Place of publication, distribution, etc Kathmandu:
Date of publication, distribution, etc 2010
502 ## - DISSERTATION NOTE
Dissertation note Dissertation
Degree type Degree in Sociology
Name of granting institution T. U.
650 ## - SUBJECT ADDED ENTRY--TOPICAL TERM
Topical term or geographic name as entry element Minoroty groups
650 ## - SUBJECT ADDED ENTRY--TOPICAL TERM
Topical term or geographic name as entry element Cultural sociology
650 ## - SUBJECT ADDED ENTRY--TOPICAL TERM
Topical term or geographic name as entry element Cultural states
650 ## - SUBJECT ADDED ENTRY--TOPICAL TERM
Topical term or geographic name as entry element Cultural revolation
653 ## - INDEX TERM--UNCONTROLLED
Uncontrolled term Sociology
654 ## -
-- Dalits
942 ## - ADDED ENTRY ELEMENTS (KOHA)
Source of classification or shelving scheme Dewey Decimal Classification
Koha item type Audio Visual Materials
Holdings
Withdrawn status Lost status Source of classification or shelving scheme Damaged status Not for loan Home library Current library Date acquired Total Checkouts Full call number Barcode Date last seen Price effective from Koha item type
    Dewey Decimal Classification     Tribhuvan University Central Library Tribhuvan University Central Library 04/01/2014   CD4450 A4094 04/01/2014 04/01/2014 Audio Visual Materials